Statystyki dla Co ludzie często gubią?

Kliknij tutaj aby rozwiązać quiz!

Ogólne statystyki

  • Ten quiz został rozwiązany 439 razy
  • Średni wynik to 3 z 9

Statystyki odpowiedzi

Odpowiedź% Poprawnych
Klucze
85%
Portfel
85%
Dokumenty
40%
Kolczyk
20%
Parasol
12%
Rozum
12%
Szczęście
6%
Karty płatnicze
3%
Drugą skarpetę
1%

Rozkład punktacji

Percentyl według liczby udzielonych odpowiedzi

Procent ludzi z każdym wynikiem

Twoja historia wyników

Nie rozwiązałeś tego quizu